| 000 | 00553nam a2200205Ia 4500 | ||
|---|---|---|---|
| 003 | OSt | ||
| 005 | 20230508063752.0 | ||
| 008 | 210423s2000 xx 000 0 und d | ||
| 040 | _cAL | ||
| 041 | _aeng | ||
| 082 |
_a361.303 _223 _bTHOD |
||
| 100 |
_aTHOMAS (Martin);JOHN (Pe) _999714 |
||
| 245 | _aDictionary of social work | ||
| 260 |
_aNew Delhi _bCollins Educational Ltd _c2000 |
||
| 365 |
_b75 _cINR |
||
| 650 |
_aSocial Problems & Services _999715 |
||
| 650 |
_aSocial Work _999716 |
||
| 906 | _aDictionary ; social ; work | ||
| 942 |
_2ddc _cBK |
||
| 999 |
_c171376 _d171376 |
||